Petit traité de vélosophie. Didier Tronchet (notice n° 1513605)
[ vue normale ]
| 000 -LEADER | |
|---|---|
| fixed length control field | 00450cam a2200145 4500500 |
| 005 - DATE AND TIME OF LATEST TRANSACTION | |
| control field | 20251012003917.0 |
| 041 ## - LANGUAGE CODE | |
| Language code of text/sound track or separate title | fre |
| 042 ## - AUTHENTICATION CODE | |
| Authentication code | dc |
| 100 10 - MAIN ENTRY--PERSONAL NAME | |
| Personal name | Gamblin, Guillaume |
| Relator term | author |
| 245 00 - TITLE STATEMENT | |
| Title | Petit traité de vélosophie. Didier Tronchet |
| 260 ## - PUBLICATION, DISTRIBUTION, ETC. | |
| Date of publication, distribution, etc. | 2020.<br/> |
| 500 ## - GENERAL NOTE | |
| General note | 93 |
| 786 0# - DATA SOURCE ENTRY | |
| Note | Silence | 492 | 10 | 2020-08-08 | p. 34-35 | 0756-2640 |
| 856 41 - ELECTRONIC LOCATION AND ACCESS | |
| Uniform Resource Identifier | <a href="https://shs.cairn.info/revue-silence-2020-10-page-34?lang=fr&redirect-ssocas=7080">https://shs.cairn.info/revue-silence-2020-10-page-34?lang=fr&redirect-ssocas=7080</a> |
Pas d'exemplaire disponible.




Réseaux sociaux